[Event "TCh-SWE 2003-4"]
[Site "Malmo SWE"]
[Date "2004.01.17"]
[Round "6"]
[White "Landgren,A"]
[Black "Eriksson,Joh"]
[Result "0-1"]
[WhiteElo "2196"]
[BlackElo "2423"]

1.d4 Nf6 2.c4 g6 3.Nc3 Bg7 4.e4 d6 5.Nf3 O-O 6.Be2 e5 7.O-O Nc6 8.d5 Ne7
9.Ne1 Ne8 10.Be3 f5 11.f3 f4 12.Bf2 h5 13.c5 g5 14.a4 Rf6 15.cxd6 cxd6 16.a5 Rg6
17.Nb5 Bd7 18.Nxa7 Nc8 19.Nxc8 Rxc8 20.Bb6 Qe7 21.Rc1 Rxc1 22.Qxc1 g4 23.b4 Qh4
24.Qc2 Nf6 25.Bd8 g3 26.h3 Bxh3 27.Bxf6 Bxf6 28.gxh3 g2 29.Nxg2 Qxh3 30.Bd1 Bh4
31.Rf2 Bg3 32.Rd2 h4 33.b5 Qh2+ 34.Kf1 h3 35.Nh4 Qh1+ 36.Ke2 Qe1+ 37.Kd3 Qe3+
38.Kc4 Bxh4 39.Kb4 Qc5+ 40.Ka4 Qxc2+ 41.Rxc2 Rg1 42.a6 bxa6 43.b6 Rxd1 44.b7 Rb1
45.Rc8+ Kf7 46.b8=Q Rxb8 47.Rxb8 h2 48.Rb1 Bf2 49.Rh1 Bg1 50.Ka5 Kg6 51.Kxa6 Kg5
52.Kb5 Kh4 53.Kc6 Kg3 54.Kxd6 Kxf3 55.Kc6 Kg2 56.Rxh2+ Bxh2 57.d6 Bg3  0-1

[Event "ch-Commonwealth"]
[Site "Mumbai IND"]
[Date "2004.01.18"]
[Round "9"]
[White "Feldman,V"]
[Black "Michelakis,G"]
[Result "0-1"]
[WhiteElo "2322"]
[BlackElo "2432"]

1.d4 Nf6 2.c4 g6 3.Nc3 Bg7 4.e4 d6 5.Nf3 O-O 6.Be2 e5 7.O-O Nc6 8.d5 Ne7
9.Kh1 Nd7 10.Ne1 f5 11.exf5 Rxf5 12.Nd3 h6 13.a4 a5 14.Ra3 Nf6 15.f3 c6 16.Nf2 cxd5
17.cxd5 Bd7 18.Nb5 Rc8 19.Bd2 Nexd5 20.Bxa5 Qxa5 21.Qxd5+ Kh7 22.Qd3 Qb4
23.Ne4 d5 24.Nec3 d4 25.Nd1 Bc6 26.Qb1 Bxb5 27.Bd3 Bxa4 28.Rxa4 Qxa4  0-1

[Event "TCh-AUT 2003-4"]
[Site "Velden AUT"]
[Date "2004.01.23"]
[Round "5"]
[White "Genser,H"]
[Black "Knoll,H"]
[Result "1-0"]
[WhiteElo "2263"]
[BlackElo "2393"]

1.d4 Nf6 2.c4 g6 3.Nc3 Bg7 4.e4 O-O 5.Nf3 d6 6.Be2 e5 7.O-O Nc6 8.d5 Ne7
9.Ne1 Nd7 10.Be3 f5 11.f3 f4 12.Bf2 g5 13.Rc1 Ng6 14.c5 Nf6 15.cxd6 cxd6
16.Nb5 Rf7 17.Qc2 Ne8 18.Nxa7 Bd7 19.Qb3 h5 20.Qb6 Qb8 21.Rc3 g4 22.Ra3 Bf6
23.Nb5 g3 24.hxg3 fxg3 25.Bxg3 Bd8 26.Qe3 Rxa3 27.Nxa3 h4 28.Bf2 Nf4 29.Nd3 Bg5
30.Nxf4 Bxf4 31.Qb6 Rg7 32.Bxh4 Qc8 33.Kf2 Rg6 34.g3 Bh6 35.Nc4 Kf7 36.b4 Qa8
37.Na5 Bc8 38.f4  1-0

[Event "1st WinTV Open"]
[Site "Chennai IND"]
[Date "2004.01.25"]
[Round "6"]
[White "Gajendra,S"]
[Black "Athavan,R"]
[Result "1-0"]
[WhiteElo "2167"]
[BlackElo "1915"]

1.d4 Nf6 2.Nf3 g6 3.c4 Bg7 4.Nc3 O-O 5.e4 d6 6.Be2 e5 7.O-O Nc6 8.d5 Ne7
9.Ne1 Nd7 10.Be3 f5 11.f3 f4 12.Bf2 g5 13.a4 Rf7 14.a5 Ng6 15.b4 Bf8 16.c5 Nf6
17.cxd6 cxd6 18.Nb5 h5 19.Bxa7 Rxa7 20.Nxa7 Bd7 21.Kh1 g4 22.Bb5 Bxb5 23.Nxb5 g3
24.h3 Nh7 25.Qe2 Qh4 26.Kg1 Ng5 27.Rc1 Nh8 28.Nc7 Rf6 29.Ne6 Rxe6 30.dxe6 Nxe6
31.Qa2 Kf7 32.Rc7+ Be7 33.Rxb7 Kf6 34.a6 Nf7 35.a7 Nfg5 36.a8=Q  1-0

[Event "1st WinTV Open"]
[Site "Chennai IND"]
[Date "2004.01.25"]
[Round "6"]
[White "Laxman,R"]
[Black "Rao J.,M"]
[Result "1-0"]
[WhiteElo "2335"]
[BlackElo "2157"]

1.d4 Nf6 2.c4 g6 3.Nc3 Bg7 4.e4 d6 5.Be2 O-O 6.Nf3 e5 7.O-O Nc6 8.d5 Ne7
9.b4 Nh5 10.Re1 f5 11.Nd2 Nf6 12.a4 c6 13.a5 Kh8 14.f3 f4 15.Ba3 cxd5 16.exd5 Nf5
17.Nde4 Ne3 18.Qd2 Nxe4 19.Nxe4 Bf5 20.Rac1 Rc8 21.c5 Bxe4 22.fxe4 g5 23.h3 g4
24.hxg4 Qh4 25.Bf3 Nxg4 26.cxd6 Qh2+ 27.Kf1 Ne3+ 28.Ke2 Nxg2 29.Rh1 Qg3 30.Rcg1 Ne3
31.Rxg3 Rc2 32.Rxg7  1-0

[Event "1st WinTV Open"]
[Site "Chennai IND"]
[Date "2004.01.25"]
[Round "6"]
[White "Suvrajit,S"]
[Black "Sethuraman,S"]
[Result "1-0"]
[WhiteElo "2351"]
[BlackElo "2193"]

1.d4 Nf6 2.c4 g6 3.Nc3 Bg7 4.e4 d6 5.Be2 O-O 6.Nf3 e5 7.O-O Nc6 8.d5 Ne7
9.Ne1 Nd7 10.Be3 f5 11.f3 f4 12.Bf2 g5 13.a4 Ng6 14.a5 Nf6 15.c5 h5 16.cxd6 cxd6
17.Nb5 a6 18.Bb6 Qe7 19.Nc7 Rb8 20.Rc1 Bd7 21.Ne6 Bxe6 22.dxe6 Rbc8 23.Bc4 g4
24.Nd3 gxf3 25.gxf3 Kh8 26.Kh1 Rg8 27.Nb4 Bh6 28.Qe2 Nf8 29.Nd5 Nxd5 30.exd5 Nh7
31.Rg1 Ng5 32.Bd3 Qf6 33.Rxc8 Rxc8 34.Bb1 Bg7 35.Qg2 Bh6 36.Bf2 e4 37.Bh4 Rg8
38.Bxe4 Rg7 39.Bb1 Qe5 40.Re1 Qf6 41.Qc2 Qf8 42.Qf5 Qxf5 43.Bxf5 Nxf3 44.Bf6 Kg8
45.Rc1 Rg1+ 46.Rxg1+ Nxg1 47.Kxg1 Bf8 48.e7 Bxe7 49.Bxe7  1-0

[Event "1st WinTV Open"]
[Site "Chennai IND"]
[Date "2004.01.28"]
[Round "9"]
[White "Venkatakrishnan,R"]
[Black "Annurudha,G"]
[Result "1-0"]
[WhiteElo "2094"]
[BlackElo "2163"]

1.d4 Nf6 2.c4 g6 3.Nc3 Bg7 4.e4 d6 5.Nf3 O-O 6.Be2 e5 7.O-O Nc6 8.dxe5 dxe5
9.h3 Nd4 10.Bd3 Nh5 11.Re1 Ne6 12.Bf1 Re8 13.b3 f6 14.Ba3 Re7 15.Qc2 g5 16.Nd1 Nhf4
17.Ne3 h5 18.Nf5 Kh7 19.g3 g4 20.hxg4 hxg4 21.N3h4 Nh3+ 22.Kh2 Neg5 23.Qe2 Bxf5
24.exf5 Qd6 25.Bg2 Qb6 26.c5 Qa5 27.Bc1 e4 28.Bd2 Qa3 29.Bxg5 Nxg5 30.Qxg4 Qa5  1-0

[Event "Scheveningen"]
[Site "Monte Carlo MNC"]
[Date "2004.02.03"]
[Round "3"]
[White "Van Hoolandt,P"]
[Black "Bordi,K"]
[Result "1/2-1/2"]
[WhiteElo "2262"]
[BlackElo "2181"]

1.Nf3 g6 2.c4 Bg7 3.Nc3 Nf6 4.e4 O-O 5.d4 d6 6.Be2 e5 7.O-O Nc6 8.d5 Ne7
9.Ne1 Ne8 10.f3 f5 11.g4 fxg4 12.fxg4 Rxf1+ 13.Kxf1 h6 14.h4 Qd7 15.Nd3 c5
16.Bd2 a6 17.Nf2 Rb8 18.a4 b6  1/2-1/2

[Event "9th HIT Open"]
[Site "Nova Gorica SLO"]
[Date "2004.02.03"]
[Round "7"]
[White "Gagarin,V"]
[Black "Solak,D"]
[Result "0-1"]
[WhiteElo "2439"]
[BlackElo "2546"]

1.d4 Nf6 2.c4 g6 3.Nc3 Bg7 4.Nf3 O-O 5.e4 d6 6.Be2 e5 7.O-O Nc6 8.d5 Ne7
9.b4 Ne8 10.c5 f5 11.Nd2 Nf6 12.f3 f4 13.Nc4 g5 14.a4 Ng6 15.cxd6 cxd6 16.Bd2 h5
17.Nb5 Ne8 18.Be1 Bd7 19.Bf2 Qb8 20.Na5 Kh8 21.Rc1 a6 22.Na3 Nf6 23.N3c4 g4
24.Nb6 g3 25.hxg3 fxg3 26.Bxg3 Bh6 27.Nxa8 Qxa8 28.Rc7 h4 29.Bh2 Qd8 30.Rxb7 Be3+
31.Rf2 Nxe4 32.Qd3 Bxf2+ 33.Kf1 Bd4 34.Nc6 Bxc6 35.dxc6 Qg5 36.c7 Ng3+ 37.Ke1 Nf4
38.Qh7+ Kxh7 39.c8=Q+ Kg8 40.Qc7 Qg6 41.Bxg3 hxg3 42.Kd2 Qh6 43.Kd1 Nxe2
44.Kxe2 Qe3+ 45.Kd1 Qg1+ 46.Kc2 Qxg2+ 47.Kc1 Qb2+ 48.Kd1 Qb3+ 49.Ke2 Qxf3+  0-1

[Event "75th ch-GER"]
[Site "Hoeckendorf GER"]
[Date "2004.02.05"]
[Round "7"]
[White "Meins,G"]
[Black "Heck,N"]
[Result "1-0"]
[WhiteElo "2460"]
[BlackElo "2308"]

1.d4 Nf6 2.c4 g6 3.Nc3 Bg7 4.e4 d6 5.Be2 O-O 6.Nf3 e5 7.O-O Nc6 8.d5 Ne7
9.b4 Nh5 10.Re1 f5 11.Ng5 Nf6 12.Bf3 Kh8 13.Ne6 Bxe6 14.dxe6 c6 15.Rb1 Ne8
16.b5 Nc7 17.bxc6 bxc6 18.Ba3 Nxe6 19.Qxd6 Qxd6 20.Bxd6 Rfe8 21.exf5 Nd4
22.Bxe7 Rxe7 23.fxg6 Nxf3+ 24.gxf3 hxg6 25.Red1 Rf8 26.Kg2 Ref7 27.Rd3 Bh6
28.Ne4 Kg7 29.Rbb3 Bf4 30.Rd6 Rc8 31.Rbd3 Rcc7 32.h3 Rfe7 33.Rd8 Kf7 34.Rh8 Kg7
35.Rdd8 Red7 36.Rdg8+ Kf7 37.Rf8+ Ke7 38.Rf6 Rb7 39.Rh7+ Kd8 40.Rf8+ Kc7
41.Rxd7+ Kxd7 42.Rf7+  1-0

[Event "FSIM February"]
[Site "Budapest HUN"]
[Date "2004.02.07"]
[Round "1"]
[White "Farago,S"]
[Black "Galyas,M"]
[Result "1/2-1/2"]
[WhiteElo "2299"]
[BlackElo "2436"]

1.d4 Nf6 2.c4 g6 3.Nc3 Bg7 4.e4 d6 5.Nf3 O-O 6.Be2 e5 7.O-O Nc6 8.Be3 Ng4
9.Bg5 f6 10.Bc1 f5 11.exf5 exd4 12.Bg5 Qd7 13.Nb5 gxf5 14.Nbxd4 f4 15.Qd2 Qf7
16.Nxc6 bxc6 17.Rae1 Rb8 18.b3 Ne5 19.Nxe5 Bxe5 20.Bh6 Qg6 21.Bxf8 Bh3 22.Bg4 Bxg2
23.Kxg2 Qxg4+ 24.Kh1 Qf3+ 25.Kg1 Qg4+ 26.Kh1 Qf3+ 27.Kg1 Qg4+ 28.Kh1 Qf3+  1/2-1/2

[Event "FSIM February"]
[Site "Budapest HUN"]
[Date "2004.02.08"]
[Round "2"]
[White "Fodor,T jr"]
[Black "Farago,S"]
[Result "0-1"]
[WhiteElo "2130"]
[BlackElo "2299"]

1.d4 Nf6 2.c4 g6 3.Nc3 Bg7 4.e4 d6 5.Nf3 O-O 6.Be2 e5 7.O-O Nc6 8.d5 Ne7
9.Bd2 c5 10.dxc6 bxc6 11.Bg5 Rb8 12.Qd2 Be6 13.Rad1 Qc7 14.b3 Rfd8 15.Qc1 Nh5
16.Ne1 Nf4 17.Bxf4 exf4 18.Nd3 g5 19.g3 Ng6 20.Bh5 Bh3 21.Rfe1 Qe7 22.Ne2 Qf6
23.gxf4 gxf4 24.Ndxf4 Bh6 25.Bxg6 hxg6 26.Qa1 Qg5+ 27.Kh1 Bg4 28.Qc3 Qe5
29.Qxe5 dxe5 30.Nd3 Bf3+ 31.Kg1 f6 32.Kf1 Kf7 33.h4 a5 34.a4 Ke7 35.Nc5 Bd2
36.Nc1 Bxd1 37.Rxd1 Bb4 38.Rxd8 Rxd8 39.N1d3 Bxc5 40.Nxc5 Rb8 41.Ke2 Kd6
42.Nd3 Rxb3 43.c5+ Ke6 44.Kd2 Rb8 45.Kc3 Rh8 46.Nb2 Rxh4 47.Nc4 Rxe4 48.Nxa5 Rxa4
49.Nxc6 Kd5 50.Ne7+ Kxc5 51.Nxg6 Rg4  0-1

[Event "FSGM February"]
[Site "Budapest HUN"]
[Date "2004.02.11"]
[Round "5"]
[White "Porat,S"]
[Black "Kahn,E"]
[Result "1/2-1/2"]
[WhiteElo "2386"]
[BlackElo "2292"]

1.d4 Nf6 2.c4 g6 3.Nc3 Bg7 4.e4 d6 5.Nf3 O-O 6.Be2 e5 7.O-O Nc6 8.d5 Ne7
9.b4 Nh5 10.Re1 Nf4 11.Bf1 a5 12.bxa5 Rxa5 13.Nd2 c5 14.a4 f5 15.g3 Nh5 16.exf5 Nxf5
17.Nde4 Nd4 18.Bg2 h6 19.Rb1 Ra6 20.Be3 Nf6 21.Nb5 Bf5 22.Nbc3 Nxe4 23.Nxe4 Qd7
24.Bxd4 exd4 25.Rb5 d3 26.Qxd3 Bd4 27.Rf1 Rxa4 28.Qb3 Ra7 29.Rb6 Bxe4 30.Bxe4 Qg4
31.Qc2 Ra1 32.Rxa1 Rxf2 33.Qxf2 Bxf2+ 34.Kxf2 Qxe4 35.Ra8+ Kg7 36.Rxb7+ Kf6
37.Rf8+ Kg5 38.Rf4 Qc2+ 39.Kg1 Qd1+ 40.Kg2 Qe2+ 41.Kh3 Qh5+ 42.Rh4 Qf3 43.Rf4 Qh5+
44.Rh4  1/2-1/2

[Event "TCh-FIN 2003-4"]
[Site "Finland FIN"]
[Date "2004.02.14"]
[Round "7"]
[White "Salokangas,H"]
[Black "Fieandt,J"]
[Result "1/2-1/2"]
[WhiteElo "2206"]
[BlackElo "2181"]

1.Nf3 Nf6 2.c4 g6 3.Nc3 Bg7 4.e4 d6 5.d4 O-O 6.Be2 e5 7.O-O Nc6 8.d5 Ne7
9.Ne1 Nd7 10.Be3 f5 11.f3 f4 12.Bf2 h5 13.Nb5 b6 14.a4 a6 15.Na3 a5 16.Nd3 Nc5
17.Nb5 Bd7 18.Be1 g5 19.b4 axb4 20.Bxb4 Rf6 21.a5 c6  1/2-1/2

[Event "FSGM February"]
[Site "Budapest HUN"]
[Date "2004.02.16"]
[Round "10"]
[White "Szeberenyi,A"]
[Black "Vajda,L"]
[Result "0-1"]
[WhiteElo "2450"]
[BlackElo "2482"]

1.d4 Nf6 2.c4 g6 3.Nc3 Bg7 4.e4 d6 5.Nf3 O-O 6.Be2 e5 7.O-O Nc6 8.d5 Ne7
9.b4 a5 10.Ba3 axb4 11.Bxb4 b6 12.a4 Ne8 13.Nb5 f5 14.Bd3 Kh8 15.Ra3 c6 16.dxc6 Nxc6
17.Bc3 Be6 18.Qb1 f4 19.Ne1 g5 20.Nc2 Rc8 21.Nb4 f3 22.g3 Na5 23.Nd5 Nxc4
24.Bxc4 Rxc4 25.Ne3 Qa8 26.Rd1 Rxe4 27.Bb4 Rd4 28.Nxd4 exd4 29.Nc2 Qc8 30.Nxd4 Bd5
31.Qd3 Bc4 32.Qe3 Bd5 33.Qd3 Be5 34.Nc2 Bc4 35.Qe4 Be2 36.Rb1 Nf6  0-1

[Event "2nd Breizh Masters B"]
[Site "Guingamp FRA"]
[Date "2004.02.16"]
[Round "4"]
[White "Parmentier,X"]
[Black "Vandevoort,P"]
[Result "1-0"]
[WhiteElo "2335"]
[BlackElo "2379"]

1.Nf3 Nf6 2.c4 g6 3.Nc3 Bg7 4.e4 d6 5.d4 O-O 6.Be2 e5 7.O-O Nc6 8.d5 Ne7
9.b4 Nh5 10.Re1 a5 11.bxa5 f5 12.Ng5 Nf4 13.Bxf4 exf4 14.Rc1 Rxa5 15.exf5 Nxd5
16.Nxd5 Qxg5 17.Nxc7 Bxf5 18.Bf3 Qd8 19.Ne6 Bxe6 20.Rxe6 Rxa2 21.c5 Kh8 22.cxd6 Qb6
23.d7 Qxf2+ 24.Kh1 Raa8 25.Bxb7 Rad8 26.h3 f3 27.Bxf3 Bb2 28.Re2 Qd4 29.Qxd4+ Bxd4
30.Bc6 Kg7 31.Re8 Bf6 32.Rce1 h5 33.g3 h4 34.g4 Bg5 35.Bg2 Bf6 36.Rf1 Rb8
37.g5  1-0

[Event "2nd IM"]
[Site "Nancy FRA"]
[Date "2004.02.17"]
[Round "2"]
[White "Spielmann,Al"]
[Black "Gouliev,N"]
[Result "1-0"]
[WhiteElo "2257"]
[BlackElo "2453"]

1.Nf3 Nf6 2.c4 g6 3.Nc3 Bg7 4.d4 O-O 5.e4 d6 6.Be2 e5 7.O-O Nc6 8.d5 Ne7
9.b4 Nh5 10.Re1 Nf4 11.Bf1 a5 12.bxa5 c5 13.a4 h6 14.Ra3 g5 15.g3 Nh3+ 16.Bxh3 Bxh3
17.Bxg5 Bg4 18.Bxe7 Qxe7 19.Nb5 f5 20.h3 Bxh3 21.Nh4 f4 22.Ng6 Qd7 23.Nxf8 Rxf8
24.Nxd6 Qxd6 25.g4 Qg6 26.Rxh3 h5 27.Rxh5 f3 28.Rh3 Rf4 29.Rxf3 Rxg4+ 30.Rg3 Rxg3+
31.fxg3 Qxg3+ 32.Kf1 Bh6 33.Qe2 Kh7 34.Qg2 Qd3+ 35.Kg1 Qxc4 36.Kh1 Qd3 37.Rg1 Bg5
38.Qg4 Qe3 39.Qh5+  1-0

[Event "Tringov mem Open"]
[Site "Plovdiv BUL"]
[Date "2004.02.17"]
[Round "2"]
[White "Petkov,V"]
[Black "Bonev,T"]
[Result "0-1"]
[WhiteElo "2345"]
[BlackElo "2135"]

1.d4 Nf6 2.c4 g6 3.Nc3 Bg7 4.e4 d6 5.Nf3 O-O 6.Be2 e5 7.O-O Nc6 8.d5 Ne7
9.Nd2 a5 10.a3 Nd7 11.Rb1 f5 12.b4 Kh8 13.Qc2 Ng8 14.exf5 gxf5 15.f4 exf4
16.Nf3 Ne5 17.Bxf4 Ng6 18.Bg5 Qe8 19.Bd3 Ne5 20.Nxe5 Bxe5 21.g3 Qg6 22.Bf4 Bd7
23.Rf3 axb4 24.axb4 Rae8 25.Rbf1 Nh6 26.Kh1 Ng4 27.Qd2 Qh5 28.Nd1 Rf6 29.Bg5 Rg6
30.Bxf5 Bxf5 31.Rxf5 Bxg3 32.Rg1 Bxh2 33.Bf6+ Nxf6 34.Rxh5 Bxg1 35.Rh3 Bb6
36.Nf2 Re5 37.Qb2 Re1+ 38.Kh2 Reg1  0-1

[Event "FSIM February"]
[Site "Budapest HUN"]
[Date "2004.02.18"]
[Round "12"]
[White "Fodor,T jr"]
[Black "Rudolf,A"]
[Result "1-0"]
[WhiteElo "2130"]
[BlackElo "2199"]

1.d4 Nf6 2.c4 g6 3.Nc3 Bg7 4.e4 d6 5.Nf3 O-O 6.Be2 e5 7.O-O Nc6 8.d5 Ne7
9.Bd2 Nh5 10.g3 f5 11.exf5 Nxf5 12.Ne4 Nf6 13.Bg5 h6 14.Bxf6 Bxf6 15.Rc1 Bg7
16.Kg2 Qe7 17.Bd3 g5 18.b4 g4 19.Nfd2 Nd4 20.Nb3 Nf3 21.Ned2 Qf7 22.Be4 Qh5
23.Nxf3 gxf3+ 24.Kg1 Bg4 25.Nd2 Rf7 26.Rc3 Raf8 27.Re1 Qh3 28.Bxf3 Rxf3 29.Rxf3 Bxf3
30.Nxf3 Qf5 31.Nh4 Qxf2+ 32.Kh1 Qxa2 33.Qg4 Qf2 34.Rc1 Qd4 35.Qe6+ Kh7 36.Re1 Rf6
37.Qh3 Qxc4 38.Qg2 c6 39.dxc6 Qxc6 40.Qxc6 bxc6 41.Ra1 Rf7 42.Kg2 e4 43.Rc1 d5
44.g4 d4 45.Nf5 d3 46.Rxc6 Rd7 47.Rc1 d2 48.Rd1 Bc3 49.b5 Rd5 50.Kf2 Rxb5
51.Nd6 Rb4 52.Ke3 Bd4+ 53.Kxe4 Bg1+ 54.Kf3 Rd4  1-0

[Event "Tringov mem Open"]
[Site "Plovdiv BUL"]
[Date "2004.02.18"]
[Round "4"]
[White "Kuzmanov,S"]
[Black "Nikolov,M"]
[Result "0-1"]
[WhiteElo "2210"]
[BlackElo "2359"]

1.d4 Nf6 2.c4 d6 3.Nf3 g6 4.Nc3 Bg7 5.e4 O-O 6.Be2 e5 7.O-O Nc6 8.d5 Ne7
9.b4 Nh5 10.Re1 a5 11.bxa5 f5 12.Nd2 Nf6 13.Bf1 Rxa5 14.a4 b6 15.Ra3 Ra8
16.Qc2 Bh6 17.Qa2 fxe4 18.Ncxe4 Nxe4 19.Nxe4 Bxc1 20.Rxc1 Nf5 21.a5 bxa5
22.c5 Nd4 23.Bc4 Qh4 24.f3 Bf5 25.cxd6 Bxe4 26.dxc7 Nxf3+ 27.gxf3 Qg5+ 28.Kf2 Qxc1
29.d6+ Kg7 30.d7 Bf5 31.c8=Q Raxc8 32.dxc8=Q Rxc8 33.Be2 Qf4 34.Rxa5 Qxh2+
35.Ke3 Qg1+ 36.Kd2 Qc1+  0-1

[Event "Aeroflot Open"]
[Site "Moscow RUS"]
[Date "2004.02.19"]
[Round "3"]
[White "Bluvshtein,M"]
[Black "Inarkiev,E"]
[Result "1/2-1/2"]
[WhiteElo "2453"]
[BlackElo "2606"]

1.d4 Nf6 2.c4 g6 3.Nc3 Bg7 4.e4 d6 5.Nf3 O-O 6.Be2 e5 7.O-O Nc6 8.d5 Ne7
9.Ne1 Nd7 10.Be3 f5 11.f3 f4 12.Bf2 g5 13.Rc1 a6 14.Nd3 Rf6 15.c5 Rh6 16.c6 bxc6
17.dxc6 Nxc6 18.Nxf4 Nd4 19.Nfd5 Nf8 20.Bc4 Kh8 21.Ne2 Nfe6 22.b4 Rb8 23.Qd2 Qe8
24.Ne3 Nf4 25.Nxd4 exd4 26.Nf5 Bxf5 27.exf5 c5 28.bxc5 dxc5 29.Bg3 Qe3+ 30.Qxe3 dxe3
31.Rb1 Rhb6 32.Rb3 Rxb3 33.axb3 Rd8 34.Re1 Rd2 35.Rxe3 Bd4 36.Bf2 Rd1+ 37.Bf1 Kg7
38.Re4 Kf6 39.b4 Rd2 40.Bxd4+ cxd4 41.g3 Nd5 42.Re6+ Kg7 43.Bxa6 Nxb4 44.Rd6 Rd1+
45.Kf2 Rd2+ 46.Kg1 Rd1+ 47.Kf2 Rd2+ 48.Ke1 Rxh2 49.Bc4 Nc2+ 50.Kf1 Ne3+ 51.Kg1 Rh6
52.Rd7+ Kf6 53.Rd6+  1/2-1/2

[Event "Tringov mem Open"]
[Site "Plovdiv BUL"]
[Date "2004.02.19"]
[Round "5"]
[White "Dimitrov,V"]
[Black "Dochev,D"]
[Result "1-0"]
[WhiteElo "2456"]
[BlackElo "2369"]

1.d4 Nf6 2.c4 g6 3.Nc3 d6 4.e4 Bg7 5.Nf3 O-O 6.Be2 e5 7.O-O Nc6 8.d5 Ne7
9.Ne1 Nd7 10.Be3 f5 11.f3 f4 12.Bf2 g5 13.Rc1 Ng6 14.c5 Nxc5 15.b4 Na6 16.Nb5 Bd7
17.a4 Rf7 18.Nd3 h5 19.Rc3 Bh6 20.Kh1 Rg7 21.Rg1 Kh8 22.g4 fxg3 23.hxg3 g4
24.fxg4 h4 25.Rg2 hxg3 26.Bxg3 Rh7 27.Rh2 Qe7 28.Nxc7 Rc8 29.Nb5 Rg8 30.Bf3 Rgg7
31.Rcc2 Rf7 32.Rcf2 Kg8 33.Qe2 Nf4 34.Nxf4 Bxf4 35.Bxf4 Rxf4 36.Rxh7 Qxh7+
37.Rh2 Qg6 38.g5 Bxb5 39.axb5 Nxb4 40.Qg2 Nd3 41.Qh3 Qg7 42.g6 Nc5 43.Bg4 Nxe4
44.Be6+ Kf8 45.Bf7 Nc5 46.Qc8+ Ke7 47.Qc7+ Kf6 48.Qxd6+ Kf5 49.Be8 Ne4 50.Qe6+ Kg5
51.Rg2+ Kh4 52.Bd7 Ng3+ 53.Kh2 Nf5 54.d6 e4 55.Qe8 Nxd6 56.Qd8+ Rf6 57.Be6 Ne8
58.Rg4+ Kh5 59.Qd5+ Kh6 60.Qg5+  1-0

[Event "5th Montenegro Open"]
[Site "Sozina SCG"]
[Date "2004.02.20"]
[Round "3"]
[White "Tratar,M"]
[Black "Pustina,A"]
[Result "1-0"]
[WhiteElo "2464"]
[BlackElo "2270"]

1.Nf3 Nf6 2.c4 g6 3.Nc3 Bg7 4.e4 d6 5.d4 O-O 6.Be2 e5 7.O-O Nc6 8.d5 Ne7
9.Nd2 Ne8 10.b4 f5 11.c5 Nf6 12.f3 f4 13.Nc4 g5 14.a4 Ne8 15.a5 Rf6 16.Ba3 Bf8
17.b5 Ng6 18.Na4 dxc5 19.Nxc5 Nd6 20.Qb3 Qe8 21.Nxd6 Bxd6 22.Rfc1 Nf8 23.b6 axb6
24.axb6 Qe7 25.Na4 cxb6 26.Bxd6 Qxd6 27.Rab1 Nd7 28.Qb4 Kf7 29.Qxd6 Rxd6
30.Bb5 Nc5 31.Nb2 Nd7 32.Nc4  1-0

[Event "5th Montenegro Open"]
[Site "Sozina SCG"]
[Date "2004.02.21"]
[Round "4"]
[White "Manolache,M"]
[Black "Lanka,Z"]
[Result "1/2-1/2"]
[WhiteElo "2456"]
[BlackElo "2467"]

1.d4 Nf6 2.c4 g6 3.Nc3 Bg7 4.Nf3 d6 5.e4 O-O 6.Be2 e5 7.O-O Nc6 8.d5 Ne7
9.Nd2 a5 10.a3 Bd7 11.b3 c6 12.Ra2 c5 13.Rb2 Ne8 14.b4 axb4 15.axb4 b6 16.Qb3 Nc8
17.Nf3 Nc7 18.bxc5 bxc5 19.Ra2 Rxa2 20.Qxa2 f5 21.Qa5 f4 22.Bd2 Bf6 23.Rb1 Ne8
24.Qxd8 Bxd8 25.Rb8 g5 26.Nb5 g4 27.Ne1 h5 28.Bd3 h4 29.Na7 Nxa7 30.Rxd8 Nf6
31.Rxf8+ Kxf8  1/2-1/2

[Event "ch-CZE junior"]
[Site "Karlovy Vary CZE"]
[Date "2004.02.25"]
[Round "9"]
[White "Cifka,S"]
[Black "Studnicka,T"]
[Result "1/2-1/2"]
[WhiteElo "2266"]
[BlackElo "2334"]

1.d4 Nf6 2.c4 g6 3.Nf3 Bg7 4.Nc3 O-O 5.e4 d6 6.Be2 e5 7.O-O Nc6 8.d5 Ne7
9.Ne1 Ne8 10.f3 f5 11.Be3 Nf6 12.Rc1 f4 13.Bf2 g5  1/2-1/2

[Event "ch-TUR"]
[Site "Kusadasi TUR"]
[Date "2004.02.29"]
[Round "3"]
[White "Karadeniz,E"]
[Black "Apaydin,F"]
[Result "1-0"]
[WhiteElo "2310"]
[BlackElo "2103"]

1.d4 Nf6 2.c4 g6 3.Nc3 Bg7 4.e4 d6 5.Nf3 O-O 6.Be2 e5 7.O-O Nc6 8.d5 Ne7
9.b4 a5 10.Ba3 axb4 11.Bxb4 Nd7 12.a4 Bh6 13.a5 f5 14.Qb3 Nf6 15.c5 Kh8 16.cxd6 cxd6
17.Qa3 Nxe4 18.Nxe4 fxe4 19.Nxe5 Nf5 20.Nc4 Nd4 21.Bd1 Nf3+ 22.gxf3 Bh3 23.Bc3+ Kg8
24.Qxd6 Qc8 25.Qe5 Qxc4 26.Qh8+ Kf7 27.Qxh7+ Ke8 28.Ba4+  1-0

[Event "20th Open"]
[Site "Cappelle la Grande FRA"]
[Date "2004.03.01"]
[Round "3"]
[White "Gyimesi,Z"]
[Black "Brustman,A"]
[Result "1-0"]
[WhiteElo "2553"]
[BlackElo "2360"]

1.d4 Nf6 2.c4 g6 3.Nc3 Bg7 4.e4 d6 5.Nf3 O-O 6.Be2 e5 7.O-O Nc6 8.d5 Ne7
9.b4 Nh5 10.Re1 f5 11.Ng5 Nf6 12.f3 Nh5 13.c5 Nf4 14.Bc4 Kh8 15.Rb1 fxe4
16.Ngxe4 Nf5 17.g3 Nh3+ 18.Kg2 Nd4 19.Rf1 g5 20.Ne2 Nxe2 21.Qxe2 Rg8 22.c6 b6
23.Ba6 h6 24.Nc3 Bf6 25.Nd1 Nf4+ 26.gxf4 gxf4+ 27.Kh1 Bh3 28.Nc3 Qe7 29.Bd2 Bg2+
30.Qxg2 Rxg2 31.Kxg2 Qf7 32.Kh1 Qh5 33.Ne4 Bh4 34.Be1 Rg8 35.Bxh4 Qxh4 36.Rg1 Rf8
37.Rg4 Qh3 38.Be2 Qh5 39.Rbg1 Qf7 40.Rh4 Qh7 41.Bd3 Rg8 42.Ng5 Qxd3 43.Nf7+  1-0

[Event "ch-TUR"]
[Site "Kusadasi TUR"]
[Date "2004.03.01"]
[Round "4"]
[White "Polatel,A"]
[Black "Erdogdu,M"]
[Result "0-1"]
[WhiteElo "2163"]
[BlackElo "2355"]

1.Nf3 Nf6 2.c4 g6 3.Nc3 Bg7 4.e4 d6 5.d4 O-O 6.Be2 e5 7.O-O Nc6 8.d5 Ne7
9.b4 a5 10.Ba3 axb4 11.Bxb4 Nd7 12.a4 Bh6 13.a5 f5 14.Nd2 Kh8 15.Bd3 Ng8
16.Re1 Rf7 17.Qc2 Ndf6 18.c5 fxe4 19.Ndxe4 Nxe4 20.Nxe4 Nf6 21.cxd6 Nxe4
22.Bxe4 cxd6 23.Qd3 b6 24.Qa3 Bf8 25.Qc3 Rfa7 26.axb6 Qxb6 27.Rxa7 Qxa7 28.Qf3 Kg7
29.h4 Rb8 30.Bd2 Qf7 31.Qc3 Kg8 32.Re3 Bg4 33.Rg3 Qd7 34.Qa3 Be7 35.Bb4 Rd8
36.f3 Bf5 37.Qd3 Bxh4 38.Bxf5 Qa7+ 39.Kh2 Bxg3+ 40.Kxg3 gxf5 41.Qxf5 Qg7+
42.Kf2 Qg6 43.Qh3 e4 44.Qh4 Rf8 45.Ke3 exf3 46.gxf3 Qg1+ 47.Ke4 Qb1+ 48.Ke3 Qb3+
49.Kd2 Qxd5+ 50.Kc2 Qf5+ 51.Kb3 Qxf3+ 52.Ka4 Qd1+ 53.Kb5 Qd5+ 54.Kb6 Rb8+  0-1

[Event "ch-TUR"]
[Site "Kusadasi TUR"]
[Date "2004.03.01"]
[Round "4"]
[White "Donmez,Y"]
[Black "Can,E"]
[Result "0-1"]
[WhiteElo "2045"]
[BlackElo "2181"]

1.d4 Nf6 2.c4 g6 3.Nc3 Bg7 4.e4 d6 5.Nf3 O-O 6.Be2 e5 7.O-O Nc6 8.d5 Ne7
9.Ne1 Ne8 10.f3 f5 11.g4 c5 12.Be3 Kh8 13.Nd3 Ng8 14.b4 b6 15.a4 Bh6 16.Bf2 Rb8
17.a5 fxg4 18.fxg4 Rb7 19.axb6 axb6 20.Ra8 Rbf7 21.Bg3 Rxf1+ 22.Bxf1 Be3+
23.Kg2 Ngf6 24.bxc5 bxc5 25.Qf3 Bh6 26.Qd1 Nc7 27.Rxc8 Qxc8 28.Be2 Be3 29.Bf3 Qa6
30.Nxe5 dxe5 31.Bxe5 Qxc4 32.d6 Bd4 33.dxc7 Bxe5 34.Qd8 Qg8 35.Qe7 Bxc3 36.e5 Nd5
37.Qxc5 Nxc7 38.Qxc3 Ne6  0-1

[Event "20th Open"]
[Site "Cappelle la Grande FRA"]
[Date "2004.03.04"]
[Round "7"]
[White "Shneider,A"]
[Black "Inarkiev,E"]
[Result "1-0"]
[WhiteElo "2519"]
[BlackElo "2606"]

1.d4 Nf6 2.c4 g6 3.Nc3 Bg7 4.e4 d6 5.Be2 O-O 6.Nf3 e5 7.O-O Nc6 8.d5 Ne7
9.Nd2 a5 10.a3 Bd7 11.b3 c6 12.Ra2 Qb6 13.Rc2 c5 14.Rb2 Bh6 15.Ndb1 Bxc1
16.Qxc1 Be8 17.f4 exf4 18.Qxf4 Nd7 19.Nd2 Nc8 20.Qh4 Ne5 21.Rf6 Qc7 22.g4 Nb6
23.g5 a4 24.Nd1 Bd7 25.Nf2 Rfe8 26.Nd3 Nxd3 27.Bxd3 Bc8 28.e5 Rxe5 29.Ne4 Qe7
30.Rbf2 Bf5 31.R6xf5 Rxf5 32.Rxf5 Nd7 33.Rf1 axb3 34.Re1 Qf8 35.Qh3 Rd8 36.Bb1 h6
37.gxh6 Ne5 38.h7+ Kh8 39.Qxb3 Kxh7 40.Qc3 Qe7 41.Kh1 Re8 42.Qh3+ Kg7 43.Qg3 Nxc4
44.Bd3 Nxa3 45.Re2 Qe5 46.Nxd6 Qxd5+ 47.Be4 Rxe4 48.Nxe4 Nb5 49.Kg1 Nd4 50.Re1 Qf5
51.Kg2 b5 52.Ng5 Qd5+ 53.Nf3 Kh7 54.Re5 Qc6 55.Qh4+ Kg7 56.Qe4 Qxe4 57.Rxe4 Ne6
58.Kf2 Kf6 59.h4 Kf5 60.Ke3 Kf6 61.Re5 b4 62.Rd5 Ke7 63.Ne5 b3 64.Nc4 f5
65.Rd6 Kf7 66.Rb6 Kf6 67.Rxb3 g5 68.hxg5+ Kxg5 69.Rb8 Kf6 70.Rb6  1-0

[Event "ch-TUR"]
[Site "Kusadasi TUR"]
[Date "2004.03.06"]
[Round "10"]
[White "Yildiz,Em"]
[Black "Can,E"]
[Result "1-0"]
[WhiteElo "2071"]
[BlackElo "2181"]

1.d4 Nf6 2.c4 g6 3.Nc3 Bg7 4.e4 d6 5.Be2 O-O 6.Nf3 e5 7.O-O Nc6 8.d5 Ne7
9.Nd2 Ne8 10.b4 f5 11.c5 Nf6 12.f3 Bh6 13.Ba3 Be3+ 14.Kh1 Nh5 15.Nc4 Bd4
16.Rc1 fxe4 17.fxe4 Rxf1+ 18.Qxf1 Nf4 19.cxd6 cxd6 20.Nb5 Nxe2 21.Qxe2 Bb6
22.Nbxd6 Bc7 23.Nxc8 Nxc8 24.Bb2 Qe7 25.a3 Nb6 26.Nd2 a5 27.bxa5 Rxa5 28.Nc4 Nxc4
29.Qxc4 Bd6 30.Qc8+ Kg7 31.g3 Rb5 32.Rc2 Rb3 33.Kg2 h5 34.Qc4 Rb6 35.h4 Ra6
36.Bc1 Bxa3 37.Bg5 Qf7 38.Qc8 Be7 39.Bxe7 Ra1 40.Bf8+ Qxf8 41.Rc7+ Kg8 42.Qe6+  1-0

[Event "TCh-SWE 2003-4"]
[Site "Goteborg SWE"]
[Date "2004.03.12"]
[Round "9"]
[White "Eriksson,Mag1"]
[Black "Burwick,M"]
[Result "1/2-1/2"]
[WhiteElo "2333"]
[BlackElo "2257"]

1.d4 g6 2.c4 Bg7 3.Nc3 d6 4.e4 Nf6 5.Nf3 O-O 6.Be2 e5 7.O-O Nc6 8.d5 Ne7
9.Ne1 Ne8 10.Nd3 f5 11.Bd2 Kh8 12.f3 Ng8 13.Rc1 Qe7 14.b4 Bh6 15.c5 Bxd2
16.Qxd2 f4 17.Rc2 Ngf6 18.Rfc1 Bd7 19.Nf2 Rg8 20.Nb5 Qd8 21.cxd6 cxd6 22.Nc7 Nxc7
23.Rxc7 Rb8 24.Qc2 h5 25.a4 Ne8  1/2-1/2